| 000 | 00831nam a22002777a 4500 | ||
|---|---|---|---|
| 001 | 8855 | ||
| 003 | FISKH | ||
| 005 | 20251023114646.0 | ||
| 008 | 251023b cb ||||| |||| 00| 0 eng d | ||
| 020 | _a9780439792141 | ||
| 040 |
_aFISKH _beng _cFISKH _dFISKH |
||
| 082 | _a001.94 | ||
| 100 | _aZullo, Allan | ||
| 245 |
_aAmerica's most hounted : _bTrue scary creatures / _cBy Allan Zullo |
||
| 250 | _aFirst Scholastic printing , January 2006 | ||
| 260 |
_aNew York : _bScholastic , _c1997. |
||
| 300 |
_a95 pages : _billustrations ; _c19 cm . |
||
| 505 | _aR | ||
| 520 | _aDescribes ten unbelievable creatures in the U.S. | ||
| 521 | 8 |
_a760
_bLexile |
|
| 521 | 8 |
_aR
_bRaz-Plus |
|
| 650 |
_aParanormal _vScary stories |
||
| 700 |
_aCall , Greg _eIllustrator |
||
| 942 |
_2ddc _cBK _n0 |
||
| 999 |
_c8855 _d8855 |
||